HIV/Aids education
| Main Author: | |
|---|---|
| Format: | Book |
| Published: |
New Delhi :
A.P.H. Publishing ,
2005
|
| Subjects: |
MARC
| LEADER | 00000cam a2200000 7i4500 | ||
|---|---|---|---|
| 001 | 0000023476 | ||
| 005 | 20080915.0 | ||
| 008 | 080915 | ||
| 020 | |a 8176488852 | ||
| 090 | 0 | 0 | |a 616.9703 |b MIS |
| 100 | 1 | |a Mishra, R.C | |
| 245 | 1 | 0 | |a HIV/Aids education |c R.C. Mishra |
| 260 | |a New Delhi : |b A.P.H. Publishing , |c 2005 | ||
| 650 | 0 | |a AIDS (dicase) | |
| 650 | 0 | |a AIDS (disease) |x prevention | |
| 650 | 0 | |a AIDS (disease) |x problems | |
| 999 | |a 0001026258 |b Book |c Adult Collection |e Cawangan Urban Transformation Centre | ||
| 999 | |a 0001036870 |b Book |c REFERENCE |e Perbadanan Perpustakaan Awam Johor | ||